000 00315nam a2200145Ia 4500
008 090122s9999 xx 000 0 und d
082 _b9777
100 _aBhagya
_bC
245 _aAesop's Fables
600 _aBhagya
630 _aAesop's Fables
700 _aBhagya
730 _aAesop's Fables
942 _cBOOK
999 _c33854
_d33854